000 00386pab a2200157 454500
008 180718b2010 xxu||||| |||| 00| 0 eng d
100 _aTandon, Somi
245 _aOutput of defence expenditure: a new accounting method
260 _c2010
300 _ap.73-74.
362 _a13 Feb
650 _aDefence
773 _aEconomic and Political Weekly
908 _aN
909 _a85674
999 _c85674
_d85674